Pide's Research Programme For 1993-96 (Record no. 351481)

000 -LEADER
fixed length control field 00500nam a22001817a 4500
003 - CONTROL NUMBER IDENTIFIER
control field OSt
005 - DATE AND TIME OF LATEST TRANSACTION
control field 20180116183047.0
008 - FIXED-LENGTH DATA ELEMENTS--GENERAL INFORMATION
fixed length control field 160722b xxu||||| |||| 00| 0 eng d
020 ## - INTERNATIONAL STANDARD BOOK NUMBER
International Standard Book Number 9694610648
040 ## - CATALOGING SOURCE
Transcribing agency 0
082 ## - DEWEY DECIMAL CLASSIFICATION NUMBER
Classification number 330.07205491 NAQ 1994
100 ## - MAIN ENTRY--PERSONAL NAME
Personal name Syed Nawab Haider Naqvi
245 ## - TITLE STATEMENT
Title Pide's Research Programme For 1993-96
Statement of responsibility, etc. Syed Nawab Haider Naqvi
260 ## - PUBLICATION, DISTRIBUTION, ETC.
Place of publication, distribution, etc. Islamabad
Name of publisher, distributor, etc. PIDE
Date of publication, distribution, etc. 1994
300 ## - PHYSICAL DESCRIPTION
Extent 282 p.
Other physical details HB
440 ## - SERIES STATEMENT/ADDED ENTRY--TITLE
Title Pide's Research Programme For 1993-96
942 ## - ADDED ENTRY ELEMENTS (KOHA)
Source of classification or shelving scheme
Koha item type Book
Holdings
Withdrawn status Lost status Source of classification or shelving scheme Damaged status Not for loan Collection code Permanent Location Current Location Shelving location Date acquired Total Checkouts Full call number Barcode Date last seen Date last checked out Price effective from Koha item type
            Central Library (CL) Central Library (CL) General Stacks 07/22/2016 1 330.07205491 NAQ 1994 NBSD-2536 11/22/2017 07/24/2017 07/22/2016 Book
© 2023 Central Library, National University of Sciences and Technology. All Rights Reserved.